000 00361nam a2200121Ia 4500
008 231129s9999||||xx |||||||||||||| ||spa||
020 _a0-03-059883-4
082 _aCAA-012
100 _aGreenwood Ronald G.
245 0 _aManagement: Theory process and practice
264 _aChicago : The Dryden Press
942 _2ddc
_cBKS
999 _c20268
_d20268